Statistics for The Quiz on London

Click here to take the quiz!

General Stats

  • This quiz has been taken 3,101 times
    (971 since last reset)
  • The average score is 46 of 97

Answer Stats

Question Answer % Correct
Ferris WheelLondon Eye
95%
AirportHeathrow
90%
Wembley ParkFootball
90%
WimbledonTennis
89%
Royal ResidenceBuckingham Palace
88%
Tallest BuildingThe Shard
87%
AirportGatwick
85%
UndergroundVictoria
84%
London Station GroupVictoria
84%
The OvalCricket
83%
Largest StoreHarrods
80%
TwickenhamRugby
80%
Olympic Years2012
79%
UndergroundPiccadilly
79%
Royal ResidenceKensington Palace
77%
Counties of LondonCity of London
76%
AirportCity
76%
UndergroundCentral
76%
UndergroundCircle
75%
UndergroundNorthern
74%
UndergroundDistrict
73%
UndergroundJubilee
73%
Royal ParkHyde Park
72%
AirportLuton
72%
Wren's CathedralSt Paul's Cathedral
72%
UndergroundBakerloo
71%
SquareTrafalgar Square
71%
London Station GroupWaterloo
69%
Highest ImmigrantsIndia
66%
Tower of London GuardsBeefeaters
64%
AirportStansted
63%
World Heritage SiteWestminster
63%
Theatre DistrictWest End
62%
Mayor of LondonBoris Johnson
62%
UndergroundHammersmith & City
61%
UndergroundMetropolitan
59%
DLRDocklands Light Railway
57%
Busiest MuseumsBritish Museum
56%
London Station GroupKing's Cross
56%
Highest ImmigrantsPoland
55%
Royal ResidenceSt James's Palace
53%
Busiest MuseumsNatural History Museum
53%
SquareLeicester Square
53%
Roman NameLondinium
53%
Palace of WestminsterHouses of Parliament
48%
London Station GroupPaddington
47%
London Station GroupEuston
47%
Busiest MuseumsVictoria & Albert Museum
47%
Busiest MuseumsScience Museum
46%
Storm SurgesThames Barrier
45%
Royal ParkRegent's Park
45%
UndergroundWaterloo & City
44%
Royal ParkGreen Park
42%
Royal ParkSt James's Park
40%
SquarePiccadilly Circus
39%
London Station GroupLiverpool Street
39%
Kempton ParkHorse racing
39%
Counties of LondonGreater London
39%
Busiest MuseumsTate Modern
38%
Highest ImmigrantsIreland
37%
Olympic Years1948
36%
London Station GroupLondon Bridge
35%
Royal BoroughsGreenwich
34%
World Heritage SiteMaritime Greenwich
34%
Royal BoroughsKensington & Chelsea
34%
Olympic Years1908
33%
London Station GroupSt. Pancras International
32%
London Station GroupCharing Cross
32%
AirportSouthend
31%
Highest ImmigrantsBangladesh
30%
Busiest MuseumsNational Gallery
28%
London Station GroupMarylebone
28%
World Heritage SiteTower of London
28%
Newest BridgeMillennium Bridge
23%
Royal ParkRichmond Park
22%
Royal ResidenceClarence House
22%
Highest ImmigrantsNigeria
20%
London Station GroupBlackfriars
20%
Subterranean RiverRiver Fleet
20%
Busiest MuseumsNational Portrait Gallery
18%
Busiest MuseumsTate Britain
18%
London Station GroupFenchurch Street
18%
Royal ParkKensington Gardens
17%
Olympic Park PostcodeE20
17%
Royal ParkGreenwich Park
15%
London Station GroupCannon Street
14%
World Heritage SiteRoyal Botanical Gardens
12%
London Station GroupMoorgate
10%
London Station GroupVauxhall
10%
Royal BoroughsKingston Upon Thames
9%
London Station GroupWaterloo East
8%
London Station GroupCity Thameslink
7%
Royal ParkBushy Park
7%
London Station GroupOld Street
7%
Busiest MuseumsNational Maritime Museum
4%
Busiest MuseumsRoyal Academy of Arts
2%
Largest MosqueBaitul Futuh Mosque
2%

Score Distribution

Percentile by Number Answered

Percent of People with Each Score

Your Score History

You have not taken this quiz since the last reset